[Event "Swiss Queens Wed #1"]
[Site "FIDE Online Arena INT"]
[Date "2024.01.31"]
[Round "7"]
[White "Bivol, Alina"]
[Black "Bodnaruk, Anastasia"]
[Result "0-1"]
[WhiteElo "2354"]
[BlackElo "2340"]
[PlyCount "86"]
[EventDate "2024.01.31"]
[EventType "swiss (blitz)"]
[EventRounds "11"]
[EventCountry "NET"]
[SourceTitle "CB06_2024"]
[SourceDate "2024.02.07"]
[SourceVersion "1"]
[SourceVersionDate "2024.02.07"]
[SourceQuality "1"]

1. e4 c5 2. Nf3 d6 3. d4 cxd4 4. Nxd4 Nf6 5. Nc3 a6 6. Be2 e5 7. Nb3 Be7 8. Be3 Be6 9. Nd5 Nbd7 10. Qd3 Bxd5 11. exd5 0-0 12. 0-0-0 Nb6 13. Kb1 Nbxd5 14. Bc1 a5 15. a3 a4 16. Nd2 Nf4 17. Qf3 d5 18. g4 Qb6 19. Bf1 Rfc8 20. c4 Bc5 21. g5 Nd7 22. cxd5 Bd4 23. Nc4 Qc5 24. Bxf4 exf4 25. Qxf4 Be5 26. Qe3 Qc7 27. Bd3 b5 28. Nxe5 Nxe5 29. d6 Qc5 30. Qxc5 Rxc5 31. Be4 Rd8 32. f4 Nc4 33. d7 Rc7 34. Rhe1 g6 35. f5 Rcxd7 36. Rxd7 Rxd7 37. f6 Nd2+ 38. Kc2 Nb3 39. Bc6 Rd8 40. Re8+ Rxe8 41. Bxe8 Kf8 42. Bc6 Nd4+ 43. Kc3 Nxc6 0-1

[Event "Wch Blitz (Women)"]
[Site "Samarkand"]
[Date "2023.12.30"]
[Round "13"]
[White "Bivol, Alina"]
[Black "Nurgali, Nazerke"]
[Result "1-0"]
[WhiteElo "2359"]
[BlackElo "2250"]
[PlyCount "111"]
[EventDate "2023.12.29"]
[EventType "swiss (blitz)"]
[EventRounds "17"]
[EventCountry "UZB"]
[SourceTitle "CB01_2024"]
[SourceDate "2024.01.03"]
[SourceVersion "1"]
[SourceVersionDate "2024.01.03"]
[SourceQuality "1"]

1. e4 c5 2. Nf3 e6 3. c3 Nf6 4. e5 Nd5 5. a3 d6 6. d4 cxd4 7. c4 Nc7 8. Bg5 Be7 9. Bxe7 Qxe7 10. exd6 Qxd6 11. Qxd4 Qxd4 12. Nxd4 e5 13. Nb5 Nxb5 14. cxb5 0-0 15. Nc3 Nd7 16. Nd5 Nc5 17. Rc1 Nb3 18. Rc7 b6 19. Bc4 Nd4 20. 0-0 Be6 21. Ne7+ Kh8 22. Bxe6 Nxe6 23. Rd7 Nc5 24. Rd5 f6 25. Nc6 a6 26. bxa6 Nxa6 27. Rfd1 Nc5 28. h3 h6 29. Rd6 Ne4 30. Rd7 Nc5 31. Re7 Rae8 32. Rxe8 Rxe8 33. Nb4 Na4 34. Rd2 Rc8 35. Kh2 Kh7 36. Nd5 Rc6 37. b3 Nc5 38. b4 Na4 39. Ne7 Re6 40. Nf5 Kg6 41. g4 Kf7 42. Rd7+ Kf8 43. Rxg7 Rc6 44. Ra7 Nb2 45. Nxh6 Nd3 46. Kg3 Rc3 47. Nf5 Nf4+ 48. f3 Ne2+ 49. Kh4 Rxf3 50. Kh5 Rxh3+ 51. Kg6 Nf4+ 52. Kxf6 Nd5+ 53. Kxe5 Nc3 54. Rc7 Nb5 55. Rb7 Nxa3 56. Kf6 1-0

[Event "Wch Blitz (Women)"]
[Site "Samarkand"]
[Date "2023.12.29"]
[Round "1"]
[White "Bivol, Alina"]
[Black "Allahverdiyeva, Ayan"]
[Result "0-1"]
[WhiteElo "2359"]
[BlackElo "2148"]
[PlyCount "94"]
[EventDate "2023.12.29"]
[EventType "swiss (blitz)"]
[EventRounds "17"]
[EventCountry "UZB"]
[SourceTitle "CB01_2024"]
[SourceDate "2024.01.03"]
[SourceVersion "1"]
[SourceVersionDate "2024.01.03"]
[SourceQuality "1"]

1. e4 c5 2. Nf3 d6 3. d4 cxd4 4. Nxd4 Nf6 5. Nc3 a6 6. Be2 e5 7. Nb3 Be7 8. Be3 Be6 9. Nd5 Nxd5 10. exd5 Bc8 11. 0-0 0-0 12. f4 Nd7 13. c4 b6 14. Kh1 a5 15. fxe5 Nxe5 16. Nd4 Bg5 17. Qd2 Bxe3 18. Qxe3 Qh4 19. Qf4 Qxf4 20. Rxf4 Ba6 21. Nf5 Rfd8 22. b3 a4 23. Raf1 axb3 24. axb3 Bb7 25. Nd4 Ra2 26. h3 Rb2 27. Bg4 b5 28. Nxb5 Rxb3 29. Re4 Nxc4 30. Rxc4 Rxb5 31. Rc7 Bxd5 32. Rf2 g6 33. Kh2 h5 34. Bd1 Be6 35. Bc2 d5 36. Re7 Rb6 37. Rf6 Rdd6 38. Bd3 Kg7 39. Rf2 d4 40. Re2 Rb3 41. Rd2 Rc6 42. Kg1 Rcc3 43. Be4 Rb4 44. Kf2 Bc4 45. Rc7 d3 46. Bd5 Rc2 47. Ke3 Rxd2 0-1

[Event "Wch Blitz (Women)"]
[Site "Samarkand"]
[Date "2023.12.29"]
[Round "2"]
[White "Druzhinina, Olga"]
[Black "Bivol, Alina"]
[Result "0-1"]
[WhiteElo "2245"]
[BlackElo "2359"]
[PlyCount "94"]
[EventDate "2023.12.29"]
[EventType "swiss (blitz)"]
[EventRounds "17"]
[EventCountry "UZB"]
[SourceTitle "CB01_2024"]
[SourceDate "2024.01.03"]
[SourceVersion "1"]
[SourceVersionDate "2024.01.03"]
[SourceQuality "1"]

1. e4 e5 2. Nf3 Nc6 3. d4 exd4 4. Nxd4 Qf6 5. Nxc6 Bc5 6. Qe2 dxc6 7. Nc3 Ne7 8. Be3 Bb4 9. Bd2 Be6 10. 0-0-0 Ng6 11. a3 Bc5 12. f3 0-0-0 13. Qe1 Kb8 14. h4 h6 15. h5 Ne5 16. Kb1 Rd7 17. Be2 Rhd8 18. Bc1 Rxd1 19. Nxd1 Nc4 20. Bxc4 Bxc4 21. Ne3 Be6 22. Qe2 a6 23. g3 Qe5 24. g4 b5 25. Rd1 Rxd1 26. Qxd1 Kb7 27. Qd3 g6 28. hxg6 fxg6 29. Ng2 g5 30. f4 gxf4 31. Bxf4 Qg7 32. Qg3 Bd4 33. c3 Bb6 34. Ne3 Bb3 35. Nf5 Qd7 36. Qe1 Qd3+ 37. Ka1 Bf2 38. Qb1 Bc2 39. Qc1 Qxe4 40. Nxh6 Bb3 41. Nf5 a5 42. Ng3 Qf3 43. g5 b4 44. cxb4 axb4 45. g6 bxa3 46. bxa3 Bd4+ 47. Kb1 Qd3+ 0-1

[Event "Wch Rapid (Women)"]
[Site "Samarkand"]
[Date "2023.12.26"]
[Round "1"]
[White "Bivol, Alina"]
[Black "Malikova, Marjona"]
[Result "0-1"]
[WhiteElo "2359"]
[BlackElo "2051"]
[PlyCount "56"]
[EventDate "2023.12.26"]
[EventType "swiss (rapid)"]
[EventRounds "11"]
[EventCountry "UZB"]
[SourceTitle "CB01_2024"]
[SourceDate "2024.01.03"]
[SourceVersion "1"]
[SourceVersionDate "2024.01.03"]
[SourceQuality "1"]

1. e4 c6 2. d4 d5 3. f3 Qb6 4. Nc3 e5 5. dxe5 Bc5 6. Na4 Qa5+ 7. c3 Bxg1 8. Rxg1 Ne7 9. b4 Qc7 10. f4 0-0 11. Bd3 dxe4 12. Bxe4 Bf5 13. Qc2 Bxe4 14. Qxe4 Nd5 15. Bd2 Nd7 16. c4 b5 17. cxd5 cxd5 18. Qxd5 bxa4 19. Rc1 Qb6 20. Rf1 Rad8 21. Qe4 Nf6 22. Qe3 Qb7 23. Qf3 Ne4 24. Rf2 f5 25. Re2 Rf7 26. Qe3 Rfd7 27. Bc3 Rd3 28. Qg1 Nxc3 0-1

[Event "Moscow Dokhoian Memorial Blitz"]
[Site "Moscow"]
[Date "2023.12.09"]
[Round "1"]
[White "Bivol, Alina"]
[Black "Lysenko, Margarita"]
[Result "1-0"]
[WhiteElo "2359"]
[BlackElo "2264"]
[PlyCount "129"]
[EventDate "2023.12.09"]
[EventType "tourn (blitz)"]
[EventRounds "11"]
[EventCountry "RUS"]
[EventCategory "5"]
[SourceTitle "CB50_2023"]
[SourceDate "2023.12.13"]
[SourceVersion "1"]
[SourceVersionDate "2023.12.13"]
[SourceQuality "1"]

1. e4 c5 2. Nf3 d6 3. Bb5+ Bd7 4. c4 Nf6 5. Nc3 g6 6. Bxd7+ Qxd7 7. d4 cxd4 8. Qxd4 Bg7 9. 0-0 0-0 10. Qd3 Nc6 11. h3 Rac8 12. Rb1 Nb4 13. Qe2 Qc6 14. b3 e6 15. Rd1 Rfd8 16. a3 Na6 17. Bg5 Nc5 18. Nd4 Qe8 19. Qf3 Qe7 20. Ndb5 h6 21. Bxf6 Qxf6 22. Qxf6 Bxf6 23. b4 Na6 24. Rxd6 Rxc4 25. Rxd8+ Bxd8 26. Rd1 Bf6 27. Rd3 Nc7 28. f3 Nxb5 29. Nxb5 a6 30. Nd6 Rc1+ 31. Kf2 b5 32. f4 Bb2 33. Rb3 Rc2+ 34. Kf3 Kg7 35. e5 g5 36. g3 Rc3+ 37. Rxc3 Bxc3 38. Ne8+ Kf8 39. Nc7 Bb2 40. Nxa6 Bxa3 41. Ke4 gxf4 42. gxf4 Ke7 43. f5 exf5+ 44. Kxf5 Kd7 45. Kf6 Ke8 46. Nc7+ Kf8 47. Nd5 Bb2 48. Kf5 Bd4 49. e6 fxe6+ 50. Kxe6 Kg7 51. Kd6 Kg6 52. Kc6 Kg5 53. Kxb5 Kh4 54. Kc4 Bg1 55. Nf4 Bh2 56. Ng6+ Kxh3 57. b5 Kg4 58. b6 h5 59. Kd5 Kg5 60. Ne5 Kf5 61. Nf3 Bf4 62. b7 Kg4 63. Ne5+ Bxe5 64. Kxe5 h4 65. b8Q 1-0

[Event "Moscow Dokhoian Memorial Blitz"]
[Site "Moscow"]
[Date "2023.12.09"]
[Round "8"]
[White "Bivol, Alina"]
[Black "Shuvalova, Polina"]
[Result "1/2-1/2"]
[WhiteElo "2359"]
[BlackElo "2475"]
[PlyCount "61"]
[EventDate "2023.12.09"]
[EventType "tourn (blitz)"]
[EventRounds "11"]
[EventCountry "RUS"]
[EventCategory "5"]
[SourceTitle "CB50_2023"]
[SourceDate "2023.12.13"]
[SourceVersion "1"]
[SourceVersionDate "2023.12.13"]
[SourceQuality "1"]

1. e4 c6 2. Nf3 d5 3. Nc3 Bg4 4. h3 Bxf3 5. Qxf3 e6 6. d4 Nf6 7. e5 Nfd7 8. Qg3 c5 9. dxc5 Nc6 10. Bb5 Qc7 11. 0-0 g6 12. Nxd5 exd5 13. e6 Qxg3 14. exd7+ Kxd7 15. fxg3 Bxc5+ 16. Kh2 f5 17. Bf4 a6 18. Rad1 d4 19. Ba4 b5 20. Bb3 Bd6 21. Bd5 Bc5 22. c3 Rae8 23. Bxc6+ Kxc6 24. cxd4 Bd6 25. Rd2 Re4 26. d5+ Kd7 27. Bxd6 Kxd6 28. Rc1 Rc4 29. Re1 Re4 30. Rc1 Rc4 31. Re1 1/2-1/2

[Event "RUS-ch (Women) 73rd"]
[Site "St Petersburg"]
[Date "2023.10.10"]
[Round "9"]
[White "Bivol, Alina"]
[Black "Goltseva, Ekaterina"]
[Result "1/2-1/2"]
[WhiteElo "2373"]
[BlackElo "2338"]
[PlyCount "207"]
[EventDate "2023.10.01"]
[EventType "tourn"]
[EventRounds "11"]
[EventCountry "RUS"]
[EventCategory "4"]
[SourceTitle "EXT 2024"]
[Source "ChessBase"]
[SourceDate "2023.10.10"]
[SourceVersion "1"]
[SourceVersionDate "2023.10.10"]
[SourceQuality "1"]

1. e4 c5 2. Nf3 Nf6 3. e5 Nd5 4. c3 Nc6 5. d4 cxd4 6. cxd4 d6 7. Bc4 dxe5 8. dxe5 Ndb4 9. Qxd8+ Nxd8 10. Na3 a6 11. 0-0 b5 12. Be2 Bb7 13. Bd2 e6 14. Rfc1 Be7 15. Nc2 Nxc2 16. Rxc2 Nc6 17. a4 b4 18. Rac1 Kd7 19. Rd1 Rhc8 20. Bxb4+ Ke8 21. Bxe7 Kxe7 22. Rc4 a5 23. Rg4 g6 24. Bb5 Ba6 25. Rh4 h5 26. Rf4 Bxb5 27. axb5 Nb4 28. h3 Rab8 29. Ng5 Rf8 30. Nh7 Rfd8 31. Rxd8 Kxd8 32. Rxf7 Rxb5 33. f4 Nd3 34. Ng5 Rxb2 35. Nxe6+ Ke8 36. Ra7 Rb1+ 37. Kh2 h4 38. Rxa5 Ke7 39. Ra6 Rf1 40. Ng5 Rxf4 41. Re6+ Kf8 42. Nf3 Re4 43. Kh1 Kg7 44. Kg1 g5 45. Rd6 Nxe5 46. Nxg5 Ra4 47. Ne6+ Kf7 48. Nd4 Ra1+ 49. Kf2 Ra2+ 50. Ne2 Ng6 51. Ke3 Ra3+ 52. Rd3 Rxd3+ 53. Kxd3 Kf6 54. Ke4 Kg5 55. Nd4 Ne7 56. Ke5 Ng6+ 57. Ke4 Ne7 58. Ne6+ Kf6 59. Nf4 Kg5 60. Kf3 Kf5 61. Ne2 Nd5 62. Nd4+ Kg5 63. Kf2 Nf4 64. Nc2 Kf5 65. Kf3 Ng6 66. Nd4+ Kg5 67. Ke3 Ne7 68. Ke4 Ng6 69. Ne6+ Kf6 70. Nf4 Ne7 71. Ne2 Kg5 72. Nd4 Ng6 73. Ke3 Ne7 74. Nf3+ Kh5 75. Kf4 Ng6+ 76. Kf5 Ne7+ 77. Ke4 Ng6 78. Kf5 Ne7+ 79. Ke5 Ng6+ 80. Kf6 Nf4 81. Ne1 Nd5+ 82. Kf5 Ne7+ 83. Ke6 Ng6 84. Kf6 Nf4 85. Kf5 Nd5 86. Nd3 Ne3+ 87. Ke4 Nc4 88. Kf4 Nd6 89. Nc5 Nc8 90. Ne6 Ne7 91. Nc5 Nd5+ 92. Ke4 Ne7 93. Ne6 Kg6 94. Nf8+ Kg5 95. Ne6+ Kf6 96. Nd4 Kg5 97. Nf3+ Kh5 98. Kf4 Ng6+ 99. Kf5 Ne7+ 100. Ke6 Ng6 101. Kf6 Nf4 102. Ne1 Nd5+ 103. Ke6 Nf4+ 104. Kf5 1/2-1/2

[Event "RUS-ch (Women) 73rd"]
[Site "St Petersburg"]
[Date "2023.10.05"]
[Round "5"]
[White "Shuvalova, Polina"]
[Black "Bivol, Alina"]
[Result "1-0"]
[WhiteElo "2506"]
[BlackElo "2373"]
[PlyCount "229"]
[EventDate "2023.10.01"]
[EventType "tourn"]
[EventRounds "11"]
[EventCountry "RUS"]
[EventCategory "4"]
[SourceTitle "EXT 2024"]
[Source "ChessBase"]
[SourceDate "2023.10.10"]
[SourceVersion "1"]
[SourceVersionDate "2023.10.10"]
[SourceQuality "1"]

1. e4 e5 2. Nf3 Nc6 3. Bb5 a6 4. Ba4 Nf6 5. 0-0 Nxe4 6. Re1 Nc5 7. Bxc6 dxc6 8. Nxe5 Be7 9. d4 Ne6 10. Be3 0-0 11. c4 f6 12. Nf3 Ng5 13. h3 Nxf3+ 14. Qxf3 Be6 15. b3 Qd7 16. Re2 Rfe8 17. Nd2 a5 18. c5 a4 19. Rae1 Bf8 20. Bf4 Bf7 21. Rxe8 Bxe8 22. Qc3 Bf7 23. Nc4 Rd8 24. Be3 axb3 25. axb3 Bd5 26. f3 Qf7 27. Bf4 b6 28. Nd2 Qd7 29. b4 Bf7 30. Be3 Ra8 31. Nf1 g6 32. Bf4 Bg7 33. Ne3 h5 34. h4 Rd8 35. Nc2 bxc5 36. bxc5 Rb8 37. Bg3 Rb3 38. Qa1 Rd3 39. Re3 Rxe3 40. Nxe3 Bh6 41. Nc2 Bb3 42. Nb4 Kg7 43. Qc3 Bf7 44. Na6 g5 45. hxg5 Bxg5 46. Nxc7 h4 47. Bd6 Qf5 48. Qe1 Qd3 49. Kh2 Be3 50. Qxh4 Bxd4 51. Qg4+ Kh8 52. Qc8+ Kh7 53. Qh3+ Kg7 54. Ne6+ Bxe6 55. Qxe6 Qd1 56. Qd7+ Kg6 57. Qxc6 Qg1+ 58. Kh3 Qh1+ 59. Bh2 Bg1 60. Qd6 Bxh2 61. Qxh2 Qc1 62. Qg3+ Kf7 63. Qc7+ Kg6 64. Qe7 Qh6+ 65. Kg3 Qg5+ 66. Kf2 Qh4+ 67. Ke2 Qc4+ 68. Ke1 Qh4+ 69. Ke2 Qc4+ 70. Ke3 Qf1 71. Qe4+ Kf7 72. Qc2 Qe1+ 73. Kd3 Qf1+ 74. Kc3 Qe1+ 75. Kb3 Qa5 76. Qc4+ Kg7 77. Qg4+ Kh7 78. Qe4+ Kg7 79. c6 Qb5+ 80. Kc3 Qc5+ 81. Kd2 Qg5+ 82. Kd1 Qc5 83. g4 Qd6+ 84. Kc1 Qc5+ 85. Kd2 Qa5+ 86. Ke2 Qc5 87. Qe6 Qc2+ 88. Kf1 Qb1+ 89. Kg2 Qb2+ 90. Kg3 Qc1 91. Qe7+ Kg6 92. Qe4+ Kg7 93. Kf2 Qb2+ 94. Ke3 Qc3+ 95. Ke2 Qb2+ 96. Kd3 Qa3+ 97. Kc4 Qa6+ 98. Kc5 Qa5+ 99. Kd6 Qd8+ 100. Ke6 Qc8+ 101. Kd5 Qd8+ 102. Kc4 Qa5 103. Qe7+ Kg6 104. c7 Qa4+ 105. Kd5 Qb3+ 106. Kd6 Qd3+ 107. Ke6 Qc4+ 108. Kd7 Qb5+ 109. Kd8 Qa5 110. Qd7 Qb6 111. Ke8 Qe3+ 112. Qe7 Qc3 113. Kf8 Kg5 114. Qd7 Qc5+ 115. Kg7 1-0

[Event "RUS-ch (Women) 73rd"]
[Site "St Petersburg"]
[Date "2023.10.03"]
[Round "3"]
[White "Yakimova, Mariya"]
[Black "Bivol, Alina"]
[Result "1/2-1/2"]
[WhiteElo "2222"]
[BlackElo "2373"]
[PlyCount "129"]
[EventDate "2023.10.01"]
[EventType "tourn"]
[EventRounds "11"]
[EventCountry "RUS"]
[EventCategory "4"]
[SourceTitle "EXT 2024"]
[Source "ChessBase"]
[SourceDate "2023.10.10"]
[SourceVersion "1"]
[SourceVersionDate "2023.10.10"]
[SourceQuality "1"]

1. d4 d5 2. c4 e6 3. Nf3 Nf6 4. g3 Nc6 5. Bg2 Bd6 6. 0-0 0-0 7. b3 dxc4 8. bxc4 e5 9. e3 exd4 10. exd4 Re8 11. Nc3 Bg4 12. Be3 Bf8 13. Rb1 b6 14. h3 Bf5 15. Rb5 Bd7 16. Rb2 Rc8 17. Qd3 g6 18. Nh4 Bg7 19. Rd2 Ne7 20. Nf3 Bf5 21. Qe2 Ne4 22. Nxe4 Bxe4 23. Bg5 Bxf3 24. Qxf3 h6 25. Bf4 Nf5 26. d5 Qe7 27. Qd3 h5 28. h4 Bh6 29. Bxh6 Nxh6 30. Bh3 Rcd8 31. Qd4 Qe5 32. Rc1 Qxd4 33. Rxd4 c5 34. Rd3 Rd6 35. Kf1 f5 36. Ra3 Re7 37. Ra6 Nf7 38. f3 Ne5 39. Rc3 Kf8 40. Kf2 Rb7 41. Ke3 Ke7 42. Kf4 Kf6 43. Bf1 Re7 44. Re3 Rdd7 45. a4 Nc6 46. Rxe7 Nxe7 47. Ke3 Nc8 48. a5 Re7+ 49. Kf4 Re1 50. Bd3 Rd1 51. Ke3 Re1+ 52. Kf4 Rd1 53. Ke3 Re1+ 54. Kf2 Rd1 55. Ke2 Rg1 56. Kf2 Rd1 57. Ke2 Rg1 58. axb6 axb6 59. Kf2 Rd1 60. Be2 Rb1 61. Ra8 Nd6 62. Rd8 Ke7 63. Rg8 Kf7 64. Rd8 Ke7 65. Rg8 1/2-1/2

[Event "RUS-ch Higher League (Women) 73rd"]
[Site "Novokuznetsk"]
[Date "2023.07.01"]
[Round "5"]
[White "Kuznetsova, Marina"]
[Black "Bivol, Alina"]
[Result "0-1"]
[WhiteElo "2044"]
[BlackElo "2371"]
[PlyCount "120"]
[EventDate "2023.06.26"]
[EventType "swiss"]
[EventRounds "9"]
[EventCountry "RUS"]
[SourceTitle "EXT 2024"]
[Source "ChessBase"]
[SourceDate "2023.10.10"]
[SourceVersion "1"]
[SourceVersionDate "2023.10.10"]
[SourceQuality "1"]

1. e4 e5 2. Nf3 Nc6 3. Bb5 a6 4. Ba4 Nge7 5. Nc3 Ng6 6. d4 exd4 7. Nxd4 Nxd4 8. Qxd4 b5 9. Bb3 Bb7 10. Qe3 Bd6 11. 0-0 Qe7 12. Nd5 Bxd5 13. Bxd5 c6 14. Bb3 0-0 15. Bd2 Rae8 16. Qd3 Bf4 17. Rfe1 c5 18. Bd5 Qe5 19. Bxf4 Nxf4 20. Qg3 Qf6 21. Qc3 Re5 22. Qxc5 Rfe8 23. Qc3 b4 24. Qxb4 Rg5 25. e5 Qf5 26. Bf3 Nxg2 27. Bxg2 Qf3 28. Qe4 Rxg2+ 29. Kh1 Qxe4 30. Rxe4 Rxf2 31. Rd1 Rxc2 32. b4 h6 33. a4 Rec8 34. Red4 Ra2 35. R1d2 Rxa4 36. Rxd7 Rxb4 37. Rf2 Rf8 38. Rd6 Re4 39. Rd5 Re8 40. Rd7 R8xe5 41. Rdxf7 Re1+ 42. Kg2 R1e2 43. Ra7 Rxf2+ 44. Kxf2 Re6 45. Kf3 Kh7 46. Kg4 Kg6 47. h4 h5+ 48. Kf4 Kf6 49. Ra8 Rb6 50. Rf8+ Kg6 51. Ra8 Rb4+ 52. Kg3 Ra4 53. Ra7 Kf6 54. Ra8 g6 55. Rf8+ Ke5 56. Re8+ Kd5 57. Rd8+ Kc6 58. Rc8+ Kb7 59. Rg8 Rg4+ 60. Kf3 a5 0-1

[Event "RUS-ch Higher League (Women) 73rd"]
[Site "Novokuznetsk"]
[Date "2023.06.29"]
[Round "4"]
[White "Bivol, Alina"]
[Black "Goltseva, Ekaterina"]
[Result "1/2-1/2"]
[WhiteElo "2371"]
[BlackElo "2305"]
[PlyCount "174"]
[EventDate "2023.06.26"]
[EventType "swiss"]
[EventRounds "9"]
[EventCountry "RUS"]
[SourceTitle "EXT 2024"]
[Source "ChessBase"]
[SourceDate "2023.10.10"]
[SourceVersion "1"]
[SourceVersionDate "2023.10.10"]
[SourceQuality "1"]

1. e4 c5 2. Nf3 Nf6 3. e5 Nd5 4. Nc3 e6 5. Ne4 f5 6. Nc3 Ne7 7. d4 cxd4 8. Qxd4 Nbc6 9. Qe3 Ng6 10. Bd2 a6 11. h3 Qc7 12. g4 fxg4 13. hxg4 Ncxe5 14. Nxe5 Qxe5 15. 0-0-0 Qxe3 16. Bxe3 Ne5 17. Be2 b5 18. Rh5 Nc4 19. Bd4 Bb7 20. Bd3 0-0-0 21. a4 e5 22. Bxe5 Nxe5 23. Rxe5 bxa4 24. Nxa4 Bd6 25. Ra5 Bc7 26. Rc5 Kb8 27. Rc3 Bf4+ 28. Kb1 d6 29. Rb3 Ka7 30. Nc3 Be5 31. Ra3 Rc8 32. Bf5 Rc5 33. Ne4 Rb5 34. Nc3 Rb4 35. Ka2 g6 36. Be6 Rb8 37. Rb3 Bf3 38. Rg1 Rxb3 39. cxb3 Re8 40. Bd5 Rf8 41. Bxf3 Rxf3 42. Rh1 Rf7 43. Nd5 Kb7 44. f4 Bxf4 45. Nxf4 Rxf4 46. Rxh7+ Kc6 47. Ra7 Rxg4 48. Rxa6+ Kc5 49. Ra5+ Kb6 50. b4 Rg3 51. Rd5 Kc6 52. Rd2 Rg5 53. Kb3 Rf5 54. Rc2+ Kb5 55. Rd2 d5 56. Rg2 g5 57. Kc3 Kc6 58. Kd3 Kd6 59. Rg4 Kc6 60. Rg2 Re5 61. Rg4 Kb5 62. Kd4 Rf5 63. Ke3 Ka4 64. Kd3 Rf3+ 65. Kc2 Rf5 66. Kc3 Kb5 67. Kd3 Rf3+ 68. Kc2 Rf5 69. Kd3 Kc6 70. Rg2 Re5 71. Rg4 Kd6 72. Kd4 Rf5 73. Ke3 Ke5 74. b3 Kd6 75. Kd3 Ke6 76. Rg3 Re5 77. Rg2 Rf5 78. Re2+ Re5 79. Rg2 Rf5 80. Re2+ Kd6 81. Rg2 Ke5 82. Rg4 Ke6 83. Ke3 Ke5 84. Kd3 Kd6 85. Ke3 Re5+ 86. Kd4 Rf5 87. Ke3 Ke5 1/2-1/2